Las guerras del agua: (Registro nro. 20508)

Detalles MARC
000 -CABECERA
Campo de control 00840nam a22002537a 4500
005 - FECHA Y HORA DE LA ULTIMA TRANSACCION
Campo de control 20191018080511.0
008 - ELEMENTOS DE LONGITUD FIJA—INFORMACION GENERAL
Campo de control 191018b xxu||||| |||| 00| 0 spa d
020 ## - ISBN
ISBN 847426698X
040 ## - FUENTE DE CATALOGACIÓN
Agencia catalogadora original CO-BoIAVH
Agencia transcriptora CO-BoIAVH
041 ## - IDIOMA
Código de idioma para texto/pista de sonido o título separado Español
044 ## - PAÍS DE PUBLICACIÓN
País de publicación España
082 ## - NUMERO DE CLASIFICACION DECIMAL DEWEY
Número de clasificación 363.7
Número del ítem Sh69g
100 ## - ASIENTO PRINCIPAL--NOMBRE PERSONAL
9 (RLIN) 15371
Nombre personal Shiva, Vandana
245 14 - MENCION DE TITULO
Título Las guerras del agua:
Parte restante del título Contaminación, privatización y negocio.
246 31 - FORMA VARIANTE DEL TITULO
Título propiamente dicho/forma breve del título Water wars: Privatization, pollution and profit.
250 ## - MENCION DE EDICION
Mención de edición Primera edición
260 ## - PUBLICACION, DISTRIBUCION, ETC. (PIE DE IMPRENTA)
Lugar de publicación, distribución, etc. Barcelona:
Nombre del editor, distribuidor, etc. Icaria,
Fecha de publicación, distribución, etc. 2004.
300 ## - DESCRIPCION FISICA
Extensión 159 Páginas:
Dimensiones 21 x 26 cm.
546 ## - NOTA DE IDIOMA
Nota de idioma Traducción del idioma ingles a español.
650 #0 - ASIENTO SECUNDARIO DE MATERIA - TERMINO TEMATICO
9 (RLIN) 31730
Término temático o nombre geográfico como elemento de entrada Agua
Subdivisión general Protección del Medio Ambiente
650 #0 - ASIENTO SECUNDARIO DE MATERIA - TERMINO TEMATICO
9 (RLIN) 109
Término temático o nombre geográfico como elemento de entrada Conservación de los recursos naturales
650 #0 - ASIENTO SECUNDARIO DE MATERIA - TERMINO TEMATICO
9 (RLIN) 172
Término temático o nombre geográfico como elemento de entrada Cambio climático
Subdivisión general Aspectos sociales
942 ## - ELEMENTOS ADICIONALES (KOHA)
Sistema de clasificación Dewey Decimal Classification
Tipo de ítem Libro
Existencias
Withdrawn status Lost status Sistema de Clasificación Damaged status No para préstamo Colección Ubicación Permanente Ubicación actual Fecha de adquisición Total Checkouts Número topográfico Inventario / Código de Barras Date last seen Ejemplar Price effective from Forma de adquisición Tipo de material
    Dewey Decimal Classification     General Bogotá Bogotá 18/10/2019   LB-363.7 Sh69g 043612 18/10/2019 Ej.1 18/10/2019 Canje Libro